Skúsenosti s linezolidom u bakteriémii spôsobených MRSA a MRSE

Bibliographic Details
Main Authors: Hromec, Juraj, 1950- (Author), Králinský, Karol, 1960- (Author), Demečková, Eva (Author), Kotouček, P. (Author), Matuška, V. (Author), Ťažiarová, Marta, 1970- (Author), Janeková, E. (Author), Králiková, E. (Author), Markuljak, M. (Author), Krejčířová, K. (Author), Krkoška, Z. (Author), Szalaiová, Z. (Author)
Format: Article
Language:Slovak
PhysicalDescription:Tab.
ISSN:1335-0579
Subjects:

MARC

LEADER 00000nab a2200000 a 4500
001 vtls008876415
003 SK-MaSNL
005 20260304040912.0
008 140701c2006 xo 0 slo
015 |a SNBCL2005/5 
035 |a SLK036213 
040 |a SLKCL  |b slo  |c SNKBUCL  |e AACR2 
041 1 |a slo 
044 |a xo  |c SK 
080 |a 616.157-085:577.18  |2 1981 
245 0 0 |a Skúsenosti s linezolidom u bakteriémii spôsobených MRSA a MRSE  |c J. Hromec ... [et al.] 
300 |b Tab. 
504 |a Bibliogr. odkazy 
650 0 7 |a oxazolidinóny  |x použitie terapeutické  |2 MESH  |9 1322333 
650 0 7 |a bakteriémia  |x farmakoterapia  |2 MESH  |9 1322334 
650 0 7 |a Staphylococcus aureus  |2 MESH  |9 714958 
650 0 7 |a Staphylococcus epidermidis  |2 MESH  |9 1321231 
650 0 7 |a Staphylococcus hominis  |2 MESH  |9 1322335 
650 0 7 |a meticilínová rezistencia  |2 MESH  |9 72897 
700 1 |a Hromec, Juraj,  |d 1950-  |4 aut  |9 209721 
700 1 |a Králinský, Karol,  |d 1960-  |4 aut  |9 159127 
700 1 |a Demečková, Eva  |4 aut  |9 16178 
700 1 |a Kotouček, P.  |4 aut  |9 823475 
700 1 |a Matuška, V.  |4 aut  |9 1320871 
700 1 |a Ťažiarová, Marta,  |d 1970-  |4 aut  |9 190987 
700 1 |a Janeková, E.  |4 aut  |9 1322336 
700 1 |a Králiková, E.  |4 aut  |9 331769 
700 1 |a Markuljak, M.  |4 aut  |9 1322337 
700 1 |a Krejčířová, K.  |4 aut  |9 1322338 
700 1 |a Krkoška, Z.  |4 aut  |9 1322339 
700 1 |a Szalaiová, Z.  |4 aut  |9 1055535 
773 0 |t Acta chemotherapeutica  |g Roč. 15, č. 1-2 (2006), s. 45-47  |x 1335-0579 
850 |a Slovenská lekárska knižnica v Bratislave  |a BA006 
852 |a BA006  |b KIS3GCP  |b 000500000 
999 |c 2665550  |d 2667480